| 000 | 00000nam##2200000za#4500 |
| 001 | 9.573186 |
| 003 | CaOODSP |
| 005 | 20210624183600 |
| 007 | cr ||||||||||| |
| 008 | 150406|2005||||xxc|||||o f|0| 0 eng|d |
| 040 | |aCaOODSP|beng |
| 043 | |an-cn--- |
| 086 | 1 |aBT31-4/17-2005E-PDF |
| 110 | 1 |aCanada. |bTreasury Board. |
| 245 | 10|aCanadian Nuclear Safety Commission, for the period ending March 31, 2005, departmental performance report |h[electronic resource] |
| 246 | 1 |iVariant title : |aCanadian Nuclear Safety Commission - departmental performance report for the period ending March 31, 2005 |
| 260 | |aOttawa - Ontario : |bTreasury Board of Canada Secretariat |c[2005]. |
| 300 | |a91p.|bfig., graph, organization chart, references, tables, photographs, index |
| 490 | 1 |aPerformance report for the period ending March 31, 2005 |
| 590 | |a12-06-Supp|b2012-03-07 |
| 775 | 08|tCommission canadienne de sûreté nucléaire - pour la période se terminant le 31 mars 2005, rapport ministériel sur le rendement |w(CaOODSP)9.603399 |
| 776 | 0#|tCanadian Nuclear Safety Commission |w(CaOODSP)9.541852 |
| 776 | 0#|tCommission canadienne de sûreté nucléaire |w(CaOODSP)9.541853 |
| 830 | #0|aPerformance report for the period ending March 31, 2005.|w(CaOODSP)9.506266 |
| 856 | 40|ahttp://publications.gc.ca|qPDF|s2.98 MB|uhttps://publications.gc.ca/collections/collection_2012/sct-tbs/BT31-4-17-2005-eng.pdf |